Human growth and development / (Record no. 1347)

000 -LEADER
fixed length control field 00760nam a22002651 4500
001 - CONTROL NUMBER
control field 010683071
003 - CONTROL NUMBER IDENTIFIER
control field UkOxU
005 - DATE AND TIME OF LATEST TRANSACTION
control field 20210625101838.0
008 - FIXED-LENGTH DATA ELEMENTS--GENERAL INFORMATION
fixed length control field 921109s1987 enka 000 0 eng d
015 ## - NATIONAL BIBLIOGRAPHY NUMBER
National bibliography number GB 86-19881
020 ## - INTERNATIONAL STANDARD BOOK NUMBER
International Standard Book Number 0713174900
035 ## - SYSTEM CONTROL NUMBER
System control number CURL Interim file ISBN03 record 112956
040 ## - CATALOGING SOURCE
Transcribing agency ALUPE UNIVERSITY
Modifying agency ALUPE UNIVERSITY
050 #0 - LIBRARY OF CONGRESS CALL NUMBER
Classification number QP84
Item number .W56 1987
082 ## - DEWEY DECIMAL CLASSIFICATION NUMBER
Classification number 612.6
Edition number 19
092 ## - LOCALLY ASSIGNED DEWEY CALL NUMBER (OCLC)
Classification number D0500790358
100 1# - MAIN ENTRY--PERSONAL NAME
Personal name Windmill, Veronica.
245 10 - TITLE STATEMENT
Title Human growth and development /
Statement of responsibility, etc. Veronica Windmill
260 ## - PUBLICATION, DISTRIBUTION, ETC.
Place of publication, distribution, etc. London :
Name of publisher, distributor, etc. Edward Arnold,
Date of publication, distribution, etc. 1987
300 ## - PHYSICAL DESCRIPTION
Extent 170 p :
Other physical details ill ;
Dimensions 25 cm
504 ## - BIBLIOGRAPHY, ETC. NOTE
Bibliography, etc. note Includes index
650 #0 - SUBJECT ADDED ENTRY--TOPICAL TERM
Topical term or geographic name entry element Human growth.
942 ## - ADDED ENTRY ELEMENTS (KOHA)
Source of classification or shelving scheme
Koha item type Book
Suppress in OPAC DO
Holdings
Withdrawn status Lost status Source of classification or shelving scheme Damaged status Not for loan Permanent Location Current Location Shelving location Date acquired Total Checkouts Full call number Barcode Date last seen Copy number Price effective from Koha item type Public note Source of acquisition
          AU LIBRARY AU LIBRARY Open Shelf 25.06.2021   QP84 .W56 1987 C1 28001963 25.06.2021 1 25.06.2021 Book DO  
          AU LIBRARY AU LIBRARY Open Shelf 28.06.2021   QP84 .W56 1987 C2 28001965 28.06.2021 2 28.06.2021 Book PW  
          AU LIBRARY AU LIBRARY Open Shelf 05.07.2021   QP84 .W56 1987 C3 28003967 05.07.2021 3 05.07.2021 Book IO Donation from MU
          AU LIBRARY AU LIBRARY Open Shelf 10.08.2021   QP84 .W56 1987 C4 28001964 10.08.2021 4 10.08.2021 Book JO DONATION FROM MOI UNIVERSITY
          AU LIBRARY AU LIBRARY Open Shelf 24.03.2022   QP84 .W56 1987 C5 28006610 24.03.2022 5 24.03.2022 Book DO DONATION FROM MOI UNIVERSITY

Powered by Koha